[Event "Sparkassen-Open A"]
[Site "Heusenstamm, Martinsee"]
[Date "2016.11.27"]
[Round "6.82"]
[White "Iwanziw, Niklas"]
[Black "Bunjaku, Lulzim"]
[Result "1-0"]
[WhiteElo "1902"]
[BlackElo "1788"]
[PlyCount "58"]
[EventDate "2016.??.??"]
[WhiteTeam "SF Neuberg"]
[BlackTeam "SC Heusenstamm"]

1. d4 f5 2. c4 Nf6 3. Nc3 e6 4. g3 Be7 5. Nf3 O-O 6. Bg2 c5 7. O-O cxd4 8. Nxd4
Nc6 9. a3 a6 10. e4 fxe4 11. Nxe4 Nxe4 12. Bxe4 Bc5 13. Qh5 g6 14. Qxc5 d6 15.
Nxc6 bxc6 16. Qxc6 Rb8 17. Qa4 Qf6 18. Rb1 Rf7 19. b4 Qd4 20. Qc2 d5 21. cxd5
exd5 22. Bg2 Bf5 23. Qb2 Qc4 24. Bf4 Bxb1 25. Bxb8 Be4 26. Rc1 Qd3 27. Rc8+ Rf8
28. Rxf8+ Kxf8 29. Qf6+ Ke8 1-0

[Event "Sparkassen-Open A"]
[Site "Heusenstamm, Martinsee"]
[Date "2016.11.27"]
[Round "6.83"]
[White "Wüstehube, Harry"]
[Black "Zerhusen, Martin"]
[Result "1-0"]
[WhiteElo "1884"]
[BlackElo "1774"]
[PlyCount "43"]
[EventDate "2016.??.??"]
[WhiteTeam "Kasseler SK"]
[BlackTeam "SV Oberursel"]

1. e4 c5 2. Nc3 d6 3. f4 Nc6 4. Nf3 e6 5. Bb5 Bd7 6. O-O a6 7. Bxc6 Bxc6 8. d3
Ne7 9. Qe1 Qc7 10. a4 b6 11. Bd2 d5 12. exd5 Bxd5 13. f5 Bxf3 14. Rxf3 e5 15.
Qe4 Rd8 16. f6 Ng6 17. Raf1 Rd7 18. Qa8+ Rd8 19. Qxa6 Rd7 20. Bg5 Qb7 21. Qb5
h6 22. fxg7 1-0

[Event "Sparkassen-Open A"]
[Site "Heusenstamm, Martinsee"]
[Date "2016.11.27"]
[Round "6.84"]
[White "Jennewein, Norbert"]
[Black "Midanka, Vladimir Josef"]
[Result "1-0"]
[WhiteElo "1877"]
[BlackElo "1752"]
[PlyCount "119"]
[EventDate "2016.??.??"]
[WhiteTeam "SC Fehrbach"]
[BlackTeam "SC Brett vorm Kopp"]

1. d4 g6 2. e4 d6 3. c3 Bg7 4. Be3 Nf6 5. Nd2 O-O 6. Be2 Nfd7 7. Ngf3 e5 8. Qb3
Nb6 9. dxe5 dxe5 10. O-O Nc6 11. a4 Be6 12. Qc2 a5 13. Ng5 Re8 14. Nxe6 Rxe6
15. Nb3 Re8 16. Bb5 Nd7 17. Rfd1 Qe7 18. Rd5 Qe6 19. Bxc6 bxc6 20. Rxa5 Rxa5
21. Nxa5 Rb8 22. b4 Nb6 23. Qb3 Qe8 24. Nc4 Nd7 25. Qc2 Qe6 26. Nd2 Bf8 27. Qa2
Qe8 28. h3 Kg7 29. Rb1 Ra8 30. Qc2 Nb6 31. a5 Nc8 32. Nb3 Nd6 33. Bc5 Nb5 34.
Bxf8+ Kxf8 35. Rd1 Nd6 36. Nc5 Qe7 37. Qe2 Kg7 38. Qg4 Rd8 39. a6 h5 40. Qe2
Ra8 41. Qd3 Ra7 42. Rf1 Nb5 43. f4 Qd6 44. Qf3 exf4 45. g3 Qd2 46. Rd1 Qxc3 47.
Qxf4 Nd6 48. e5 Nf5 49. g4 hxg4 50. hxg4 Qe3+ 51. Qxe3 Nxe3 52. Rd4 Nd5 53. g5
Ra8 54. b5 Ne7 55. Rd7 Kf8 56. bxc6 Nxc6 57. Rxc7 Nxe5 58. a7 Ke8 59. Na4 Nd7
60. Rxd7 1-0

[Event "Sparkassen-Open A"]
[Site "Heusenstamm, Martinsee"]
[Date "2016.11.27"]
[Round "6.85"]
[White "Elbert, Thomas"]
[Black "Tojcic, Josip"]
[Result "1/2-1/2"]
[WhiteElo "1710"]
[BlackElo "1850"]
[PlyCount "55"]
[EventDate "2016.??.??"]
[WhiteTeam "SF Sailauf"]
[BlackTeam "Frankfurter TV"]

1. Nf3 d5 2. d4 g6 3. Nc3 Bg7 4. Bf4 c6 5. e3 Bg4 6. Be2 Nd7 7. h3 Bxf3 8. Bxf3
e5 9. dxe5 Bxe5 10. Bxe5 Nxe5 11. O-O Nxf3+ 12. Qxf3 Qf6 13. Qg4 Qd6 14. Qd4
Qf6 15. Qa4 Ne7 16. e4 b5 17. Qa6 b4 18. Nxd5 Nxd5 19. exd5 O-O 20. Rfd1 Qxb2
21. dxc6 Qc3 22. Rab1 Rfc8 23. Rdc1 Rxc6 24. Qb7 Rac8 25. Qxb4 a5 26. Qb3 Rc4
27. Qxc3 Rxc3 28. Rb3 1/2-1/2

[Event "Sparkassen-Open A"]
[Site "Heusenstamm, Martinsee"]
[Date "2016.11.27"]
[Round "6.86"]
[White "Schubert, Wolfgang"]
[Black "Niedenthal, Robert"]
[Result "0-1"]
[WhiteElo "1845"]
[BlackElo "1744"]
[PlyCount "88"]
[EventDate "2016.??.??"]
[WhiteTeam "Wiesbadener SV"]
[BlackTeam "SV Hofheim"]

1. e4 d5 2. exd5 Nf6 3. d4 Bg4 4. Be2 Bxe2 5. Nxe2 Qxd5 6. O-O Nc6 7. c3 O-O-O
8. Qa4 Qe4 9. Ng3 Qg6 10. b4 Nd5 11. b5 Nb6 12. Qb3 Na5 13. Qb2 Nbc4 14. Qe2 e6
15. a4 h5 16. Nd2 Nxd2 17. Bxd2 Nb3 18. Rad1 h4 19. Ne4 h3 20. g3 f5 21. Ng5
Nxd2 22. Qxd2 e5 23. f4 exd4 24. cxd4 Bc5 25. Nf3 Qe6 26. Rfe1 Qd5 27. Qc3 Bb4
28. Qxb4 Qxf3 29. Qb2 Rhe8 30. Qf2 Rxe1+ 31. Rxe1 Qxf2+ 32. Kxf2 Rxd4 33. Re5
g6 34. a5 Kd7 35. b6 axb6 36. axb6 c6 37. Re2 Rb4 38. Rd2+ Ke6 39. Re2+ Re4 40.
Ra2 Rb4 41. Re2+ Kf6 42. Rd2 Rxb6 43. Rd7 Rb2+ 44. Kg1 c5 0-1

[Event "Sparkassen-Open A"]
[Site "Heusenstamm, Martinsee"]
[Date "2016.11.27"]
[Round "6.87"]
[White "Köllner, Aaron Noah"]
[Black "Laux, Dominik"]
[Result "0-1"]
[WhiteElo "1843"]
[BlackElo "1642"]
[PlyCount "56"]
[EventDate "2016.??.??"]
[WhiteTeam "SV Bergneustadt/Derschlag"]
[BlackTeam "VSG Offenbach"]

1. d4 d5 2. Nc3 Nf6 3. Bf4 a6 4. f3 e6 5. g4 h6 6. e3 c5 7. Bd3 Nc6 8. dxc5
Bxc5 9. e4 d4 10. Nce2 e5 11. Bd2 Be6 12. Ng3 Qd7 13. Nf5 Bf8 14. Ne2 g6 15.
Nfg3 O-O-O 16. h3 h5 17. g5 h4 18. Nf1 Nh7 19. Ng1 Be7 20. Qc1 Rdf8 21. f4 f6
22. gxf6 Bxf6 23. fxe5 Bxe5 24. Bh6 Rf7 25. Qd2 Nf8 26. Bg5 Qd6 27. O-O-O Bxa2
28. b3 Qa3# 0-1

[Event "Sparkassen-Open A"]
[Site "Heusenstamm, Martinsee"]
[Date "2016.11.27"]
[Round "6.88"]
[White "Draxler, Gottfried"]
[Black "Karthik, Thrish"]
[Result "0-1"]
[WhiteElo "1829"]
[BlackElo "1689"]
[PlyCount "66"]
[EventDate "2016.??.??"]
[WhiteTeam "SF Neuberg"]
[BlackTeam "vereinslos"]

1. c4 Nf6 2. g3 g6 3. Bg2 Bg7 4. Nc3 O-O 5. e3 d6 6. Nge2 Nc6 7. a3 Ne5 8. d3
Bf5 9. e4 Bg4 10. h4 Bf3 11. O-O c5 12. Bxf3 Nxf3+ 13. Kg2 Nd4 14. Be3 Nd7 15.
f4 f5 16. Rb1 a5 17. b4 Nxe2 18. Nxe2 cxb4 19. axb4 a4 20. Bd4 e5 21. Bc3 Qc7
22. Ra1 fxe4 23. Qc2 Rfc8 24. Rfd1 exd3 25. Qxd3 Qc6+ 26. Qd5+ Qxd5+ 27. Rxd5
Nf6 28. Rb5 Rxc4 29. fxe5 Ne4 30. Ra3 Nxc3 31. Nxc3 Bxe5 32. Rxa4 Rf8 33. Nd1
Rc2+ 0-1

[Event "Sparkassen-Open A"]
[Site "Heusenstamm, Martinsee"]
[Date "2016.11.27"]
[Round "6.89"]
[White "Schellen, Sven"]
[Black "Kirchner, Markus"]
[Result "1-0"]
[WhiteElo "1845"]
[BlackElo "1682"]
[PlyCount "119"]
[EventDate "2016.??.??"]
[WhiteTeam "SF Frankfurt"]
[BlackTeam "SF Schöneck"]

1. d4 Nf6 2. c4 d6 3. Nf3 Nbd7 4. Bf4 Nh5 5. Bg5 h6 6. Bh4 g5 7. Bg3 Bg7 8. e3
Nxg3 9. hxg3 e5 10. Nc3 exd4 11. Nxd4 Ne5 12. Be2 a6 13. Qc2 Qf6 14. Nd5 Qd8
15. Nf5 Bxf5 16. Qxf5 c6 17. Nc3 Qd7 18. Ne4 Ke7 19. Qxd7+ Kxd7 20. O-O-O Kc7
21. Nxd6 Rad8 22. c5 f6 23. f4 Ng6 24. Bh5 Ne7 25. e4 Nc8 26. Nf5 Rxd1+ 27.
Rxd1 Bf8 28. b4 a5 29. a3 axb4 30. axb4 b6 31. e5 fxe5 32. fxe5 bxc5 33. bxc5
Bxc5 34. e6 Bd6 35. Nxd6 Nxd6 36. e7 Rh7 37. Rxd6 Rxe7 38. Rxh6 Re3 39. Bf3 g4
40. Bxg4 Rxg3 41. Bf3 Kd7 42. Bxc6+ Ke7 43. Bf3 Kf7 44. Kd2 Rg5 45. Ke3 Ra5 46.
Kf4 Ra4+ 47. Be4 Kf8 48. Rh7 Kg8 49. Rb7 Ra1 50. g4 Rf1+ 51. Kg5 Rf8 52. Bd5+
Kh8 53. Be4 Re8 54. Bf5 Rg8+ 55. Kh6 Re8 56. g5 Re6+ 57. g6 Re8 58. Rh7+ Kg8
59. Rc7 Rf8 60. Be6+ 1-0

[Event "Sparkassen-Open A"]
[Site "Heusenstamm, Martinsee"]
[Date "2016.11.27"]
[Round "6.90"]
[White "Berkes, Jörg"]
[Black "Pade, Joachim"]
[Result "1-0"]
[WhiteElo "1833"]
[BlackElo "1672"]
[PlyCount "131"]
[EventDate "2016.??.??"]
[WhiteTeam "SK Langen"]
[BlackTeam "SV Alsfeld"]

1. Nf3 e6 2. g3 f5 3. d3 Nf6 4. Bg2 Be7 5. Nc3 O-O 6. e4 fxe4 7. dxe4 d6 8. Qe2
e5 9. Ng5 h6 10. Qc4+ Kh8 11. Nf7+ Rxf7 12. Qxf7 Nc6 13. Be3 Nb4 14. Qb3 a5 15.
a3 Nc6 16. Nd5 Ng4 17. Nxe7 Qxe7 18. O-O-O Nxe3 19. Qxe3 Be6 20. f4 b5 21. f5
Bg8 22. Rhf1 Qf6 23. h4 b4 24. a4 Nd4 25. Rh1 c5 26. g4 Qf7 27. b3 c4 28. Rxd4
exd4 29. Qxd4 cxb3 30. e5 Rc8 31. Be4 dxe5 32. Qxe5 Re8 33. Qd4 Qc7 34. Rf1 Rd8
35. Qb2 Qd7 36. f6 Qd2+ 37. Kb1 Qd1+ 38. Qc1 bxc2+ 39. Bxc2 Qxc1+ 40. Kxc1 gxf6
41. Rxf6 Kg7 42. Rg6+ Kf8 43. Rxh6 b3 44. Bf5 Rd4 45. Ra6 Rxa4 46. h5 Ra1+ 47.
Kb2 Ra2+ 48. Kc3 a4 49. h6 Rh2 50. Ra8+ Kf7 51. g5 Rf2 52. Be4 b2 53. Rxa4 Ke6
54. Rb4 Rf4 55. h7 Bxh7 56. Bxh7 Rf3+ 57. Kxb2 Rg3 58. Rb5 Kf7 59. Bc2 Kg7 60.
Rb7+ Kh8 61. g6 Kg8 62. Bb3+ Kf8 63. Rf7+ Ke8 64. Ba4+ Kd8 65. g7 Kc8 66. Rf8+
1-0

[Event "Sparkassen-Open A"]
[Site "Heusenstamm, Martinsee"]
[Date "2016.11.27"]
[Round "6.91"]
[White "Nickel, Jonas"]
[Black "Eg, Karlheinz"]
[Result "1/2-1/2"]
[WhiteElo "1777"]
[BlackElo "1820"]
[PlyCount "62"]
[EventDate "2016.??.??"]
[WhiteTeam "SG Wächtersbach"]
[BlackTeam "SV Rüsselsheim"]

1. e4 e5 2. f4 exf4 3. Nf3 Be7 4. Bc4 Bh4+ 5. Kf1 d6 6. Nc3 Bg4 7. d4 Ne7 8.
Bxf4 Ng6 9. Be3 c6 10. h3 Bxf3 11. Qxf3 O-O 12. g3 Qf6 13. Qxf6 Bxf6 14. a4 Nd7
15. h4 h6 16. Rd1 Rfe8 17. h5 Ngf8 18. Bd3 Ne6 19. Ne2 Ng5 20. Nc3 Rad8 21. Kg2
c5 22. Bxg5 hxg5 23. Nb5 Nb6 24. dxc5 dxc5 25. b3 a6 26. Nc7 Re7 27. Nd5 Nxd5
28. exd5 Bc3 29. Bc4 Rd6 30. Rhf1 Kh7 31. Rf3 Bd4 1/2-1/2

[Event "Sparkassen-Open A"]
[Site "Heusenstamm, Martinsee"]
[Date "2016.11.27"]
[Round "6.92"]
[White "Balhar, Michael"]
[Black "Binner, Peter"]
[Result "0-1"]
[WhiteElo "1758"]
[BlackElo "1802"]
[PlyCount "110"]
[EventDate "2016.??.??"]
[WhiteTeam "SC Erlangen"]
[BlackTeam "Vorw.Orient Mainz"]

1. e4 c5 2. Nf3 e6 3. d4 cxd4 4. Nxd4 a6 5. Nc3 Qc7 6. Be2 Nf6 7. O-O d6 8. f4
Nbd7 9. Bf3 Be7 10. Qe1 Rb8 11. Bd2 b5 12. a3 Bb7 13. Qg3 O-O 14. Rae1 Qb6 15.
Be3 Qc7 16. Bf2 Nb6 17. e5 Nfd5 18. Nxd5 Nxd5 19. Qh3 Nxf4 20. Qg4 dxe5 21.
Bxb7 Rxb7 22. Be3 Bd6 23. Bxf4 exf4 24. Rd1 Bc5 25. Kh1 Bxd4 26. Rxd4 e5 27.
Rd2 Qc8 28. Qf3 Re7 29. Rfd1 Qb7 30. Qxb7 Rxb7 31. Rd6 Ra7 32. Kg1 f6 33. Kf2
h6 34. Kf3 Kh7 35. Rd7 Rxd7 36. Rxd7 Rc8 37. c3 Rc4 38. h4 h5 39. Ra7 Ra4 40.
Rc7 Kg6 41. Rd7 Rc4 42. Rd6 Ra4 43. Rd7 Kf5 44. Rxg7 e4+ 45. Ke2 Rc4 46. g3 Rc6
47. gxf4 Kxf4 48. Rg8 Rd6 49. Rg7 e3 50. Rf7 Rd2+ 51. Ke1 f5 52. b3 Rc2 53. a4
Rxc3 54. axb5 axb5 55. b4 Rb3 0-1

[Event "Sparkassen-Open A"]
[Site "Heusenstamm, Martinsee"]
[Date "2016.11.27"]
[Round "6.93"]
[White "Traut, Stefan"]
[Black "Lanz, Udo"]
[Result "0-1"]
[WhiteElo "1738"]
[BlackElo "1802"]
[PlyCount "108"]
[EventDate "2016.??.??"]
[WhiteTeam "SF Heusenstamm"]
[BlackTeam "VSG Offenbach"]

1. d4 f5 2. Bg5 g6 3. Nf3 Bg7 4. c4 d6 5. e3 h6 6. Bh4 Nf6 7. Bxf6 Bxf6 8. Nc3
O-O 9. Bd3 c6 10. O-O Qe8 11. Qc2 e5 12. dxe5 dxe5 13. e4 f4 14. Rfd1 Na6 15.
a3 Nc5 16. b4 Ne6 17. Ne2 g5 18. c5 g4 19. Nd2 Kh8 20. Bc4 Qh5 21. Qb3 Ng5 22.
Kh1 Bg7 23. Rf1 f3 24. gxf3 Rxf3 25. Ng3 Qh4 26. Qd1 Rf4 27. Rb1 Qh3 28. Rb3
Bd7 29. Be2 Raf8 30. Qe1 Nf3 31. Bxf3 gxf3 32. Rg1 Rh4 33. Ngf1 Rff4 34. Rg3
Qe6 35. Rbxf3 Qf6 36. Qb1 Bg4 37. Rxf4 exf4 38. Rd3 f3 39. Rd6 Qe7 40. Qd3 Be5
41. Rd8+ Kg7 42. Nc4 Bf6 43. Rd6 Kf8 44. Ng3 Qf7 45. Qe3 Bg7 46. Qd3 Bf6 47. e5
Be7 48. Rd4 Be6 49. Nd6 Rxd4 50. Qxd4 Qg6 51. Qf4+ Kg8 52. Qxf3 Bxd6 53. exd6
Bd5 54. Ne4 Bxe4 0-1

[Event "Sparkassen-Open A"]
[Site "Heusenstamm, Martinsee"]
[Date "2016.11.27"]
[Round "6.94"]
[White "Wagner, Günter"]
[Black "Donecker, Stefan"]
[Result "1/2-1/2"]
[WhiteElo "1725"]
[BlackElo "1788"]
[PlyCount "28"]
[EventDate "2016.??.??"]
[WhiteTeam "SV Groß-Gerau"]
[BlackTeam "TuS Dotzheim"]

1. Nf3 d5 2. c4 d4 3. e3 Nc6 4. g3 Nf6 5. Bg2 e5 6. O-O Be7 7. exd4 exd4 8. d3
O-O 9. Re1 a5 10. h3 a4 11. b4 axb3 12. Qxb3 Nd7 13. Bb2 Nc5 14. Qc2 Bf5
1/2-1/2

[Event "Sparkassen-Open A"]
[Site "Heusenstamm, Martinsee"]
[Date "2016.11.27"]
[Round "6.96"]
[White "Diener, Carolin Valeria"]
[Black "Köllner, Felicitas Ophelia"]
[Result "0-1"]
[WhiteElo "1699"]
[BlackElo "1670"]
[PlyCount "74"]
[EventDate "2016.??.??"]
[WhiteTeam "SK Bad Homburg"]
[BlackTeam "SV Bergneustadt/Derschlag"]

1. e4 d6 2. d4 Nf6 3. Nc3 e5 4. Nf3 exd4 5. Nxd4 Be7 6. f4 Nc6 7. Nf3 a6 8. a3
b5 9. Bd3 Bb7 10. Qe2 Nd7 11. O-O Nc5 12. Nd5 O-O 13. Rb1 Nxd3 14. Qxd3 Na5 15.
b3 Rc8 16. Nxe7+ Qxe7 17. Bb2 Nc6 18. Ng5 h6 19. Nh3 Rce8 20. Qg3 f6 21. Rfe1
Qf7 22. f5 Ne5 23. Nf4 Qd7 24. Bc1 Rf7 25. Ne6 Kh8 26. Qh3 Qe7 27. Re3 Bc8 28.
Nf4 g5 29. Nd5 Qf8 30. Qh5 c6 31. Nc3 d5 32. exd5 cxd5 33. Nxd5 Bxf5 34. Qe2
Qc5 35. Nb4 Ng4 36. Nxa6 Qb6 37. Nc7 Rxc7 0-1

[Event "Sparkassen-Open A"]
[Site "Heusenstamm, Martinsee"]
[Date "2016.11.27"]
[Round "6.97"]
[White "Gude, Michael"]
[Black "Schmitt, Clemens"]
[Result "1-0"]
[WhiteElo "1729"]
[BlackElo "1757"]
[PlyCount "71"]
[EventDate "2016.??.??"]
[WhiteTeam "SF Fürth"]
[BlackTeam "SV Bergwinkel"]

1. e4 e6 2. d4 d5 3. Nd2 Nf6 4. e5 Nfd7 5. Ngf3 c5 6. c3 Nc6 7. Bd3 Be7 8. O-O
O-O 9. Qc2 g6 10. b3 f6 11. Bxg6 f5 12. Bh5 cxd4 13. cxd4 Nb4 14. Qc3 Kh8 15.
a3 Na6 16. Ne1 Rg8 17. Bf7 Rg7 18. Bxe6 Nxe5 19. Bxc8 Rxc8 20. Qh3 Ng4 21. Qd3
Bd6 22. Nef3 Nxh2 23. Nxh2 Qh4 24. Ndf3 Bxh2+ 25. Nxh2 Rcg8 26. Qf3 Rxg2+ 27.
Qxg2 Rxg2+ 28. Kxg2 Qxd4 29. Be3 Qe4+ 30. Kg1 f4 31. Bxa7 f3 32. Kh1 Qh4 33.
Rg1 Qf6 34. Rae1 Nc7 35. Bb8 Ne6 36. Be5 1-0

[Event "Sparkassen-Open A"]
[Site "Heusenstamm, Martinsee"]
[Date "2016.11.27"]
[Round "7.1"]
[White "Kunin, Vitaly"]
[Black "Sadzikowski, Daniel"]
[Result "0-1"]
[WhiteElo "2590"]
[BlackElo "2538"]
[PlyCount "106"]
[EventDate "2016.??.??"]
[WhiteTeam "Freibauer Mörlenbach"]
[BlackTeam "SC Heusenstamm"]

1. d4 Nf6 2. Nf3 e6 3. Bf4 c5 4. e3 Nc6 5. c3 d5 6. Nbd2 Bd6 7. Bg3 O-O 8. Bd3
b6 9. Ne5 Bb7 10. f4 Ne7 11. Qf3 Nf5 12. Bf2 Be7 13. g4 Nd6 14. g5 Nfe4 15. Rg1
cxd4 16. exd4 f6 17. gxf6 Bxf6 18. O-O-O Rc8 19. Qh3 Qe7 20. Nxe4 dxe4 21. Bc2
Bd5 22. Kb1 b5 23. Bb3 Rc7 24. Ng4 Nf5 25. Bxd5 exd5 26. Qh5 g6 27. Qxf5 gxf5
28. Nxf6+ Kf7 29. Nxd5 Qd6 30. Nxc7 Qxc7 31. Be3 Rg8 32. Rxg8 Kxg8 33. d5 Qd6
34. Bxa7 Kf7 35. Be3 Ke8 36. Kc2 Qh6 37. d6 Kd7 38. Rd2 Qh3 39. Bc5 Qf3 40. a4
bxa4 41. Rd4 Qe2+ 42. Rd2 Qc4 43. Bf2 Qb3+ 44. Kb1 a3 45. Bc5 axb2 46. Bb4 e3
47. Rg2 e2 48. Rg7+ Kc6 49. Rc7+ Kb5 50. Rc5+ Kb6 51. Re5 Qd1+ 52. Kxb2 e1=Q
53. Ba5+ Kc6 0-1

[Event "Sparkassen-Open A"]
[Site "Heusenstamm, Martinsee"]
[Date "2016.11.27"]
[Round "7.2"]
[White "Schröder, Jan-Christian"]
[Black "Korneev, Oleg"]
[Result "1/2-1/2"]
[WhiteElo "2521"]
[BlackElo "2582"]
[PlyCount "75"]
[EventDate "2016.??.??"]
[WhiteTeam "SV Hofheim"]
[BlackTeam "vereinslos"]

1. e4 c5 2. Nf3 e6 3. d4 cxd4 4. Nxd4 Nc6 5. Nc3 a6 6. Be2 Qc7 7. Be3 Nf6 8.
O-O Be7 9. f4 d6 10. Qe1 O-O 11. Kh1 Nxd4 12. Bxd4 b5 13. Qg3 Bb7 14. a3 Rad8
15. Rae1 Bc6 16. Bd3 Qd7 17. Nd1 g6 18. Ne3 Nh5 19. Qh3 Nxf4 20. Rxf4 e5 21.
Qh6 f6 22. Rg4 Rf7 23. Bc3 Bf8 24. Qh4 Bg7 25. Rg3 Rdf8 26. Rf1 f5 27. exf5
gxf5 28. Rxf5 Rxf5 29. Bxf5 Rxf5 30. Nxf5 Qxf5 31. h3 Kf7 32. Rg5 Qxc2 33. Qh5+
Kf6 34. Rg3 Qc1+ 35. Kh2 Bh6 36. Qh4+ Ke6 37. Qg4+ Ke7 38. Qf5 1/2-1/2

[Event "Sparkassen-Open A"]
[Site "Heusenstamm, Martinsee"]
[Date "2016.11.27"]
[Round "7.3"]
[White "Donchenko, Alexander"]
[Black "Kveinys, Aloyzas"]
[Result "1/2-1/2"]
[WhiteElo "2563"]
[BlackElo "2499"]
[PlyCount "64"]
[EventDate "2016.??.??"]
[WhiteTeam "DJK Aufwärts Aachen"]
[BlackTeam "vereinslos"]

1. Nf3 c5 2. c4 Nc6 3. d4 cxd4 4. Nxd4 Nf6 5. Nc3 g6 6. e4 d6 7. Be2 Nxd4 8.
Qxd4 Bg7 9. Be3 O-O 10. Qd2 Be6 11. f3 Qa5 12. Nd5 Qxd2+ 13. Kxd2 Nxd5 14. cxd5
Bd7 15. Rac1 Rfc8 16. Rxc8+ Rxc8 17. Rc1 a6 18. Rxc8+ Bxc8 19. b3 h5 20. Kd3
Bd7 21. a4 Kf8 22. Kc4 Ke8 23. Kb4 Kd8 24. h3 Kc7 25. g4 hxg4 26. hxg4 Bf6 27.
f4 Bh4 28. Kc3 f6 29. Kd2 a5 30. Kc2 g5 31. f5 Be1 32. Bd4 Bb4 1/2-1/2

[Event "Sparkassen-Open A"]
[Site "Heusenstamm, Martinsee"]
[Date "2016.11.27"]
[Round "7.4"]
[White "Stocek, Jiri"]
[Black "Kollars, Dmitrij"]
[Result "1/2-1/2"]
[WhiteElo "2547"]
[BlackElo "2501"]
[PlyCount "119"]
[EventDate "2016.??.??"]
[WhiteTeam "SC Garching"]
[BlackTeam "Hamburger SK"]

1. d4 Nf6 2. c4 g6 3. Nc3 Bg7 4. e4 d6 5. h3 O-O 6. Be3 c5 7. d5 e6 8. Nf3 exd5
9. exd5 Bf5 10. Bd3 Qd7 11. Bxf5 Qxf5 12. Qb1 Qd7 13. O-O Na6 14. a3 Nc7 15. a4
Rfe8 16. b4 cxb4 17. Qxb4 Ne4 18. Nxe4 Rxe4 19. Rad1 Na6 20. Qb5 Qxb5 21. axb5
Nb4 22. Nd2 Ree8 23. Nb3 a5 24. bxa6 bxa6 25. Na5 Be5 26. c5 Nc2 27. c6 Nxe3
28. fxe3 Bc3 29. Nb7 Bb4 30. Rf6 a5 31. Nxd6 Bxd6 32. Rxd6 a4 33. c7 Kf8 34.
Rd7 a3 35. d6 Kg7 36. Rf1 Rf8 37. Re7 a2 38. d7 a1=Q 39. Rxa1 Rxa1+ 40. Kh2
Raa8 41. Re4 Rad8 42. Rd4 Kf6 43. Kg3 Ke6 44. cxd8=Q Rxd8 45. Kf4 f6 46. Ke4 h5
47. g4 hxg4 48. hxg4 Rxd7 49. Rxd7 Kxd7 50. Kd5 Ke7 51. e4 f5 52. gxf5 gxf5 53.
exf5 Kf6 54. Ke4 Kf7 55. Ke5 Ke7 56. f6+ Kf7 57. Kf5 Kf8 58. Kg6 Kg8 59. f7+
Kf8 60. Kf6 1/2-1/2

[Event "Sparkassen-Open A"]
[Site "Heusenstamm, Martinsee"]
[Date "2016.11.27"]
[Round "7.5"]
[White "Sumets, Andrey"]
[Black "Noe, Christopher"]
[Result "1/2-1/2"]
[WhiteElo "2559"]
[BlackElo "2422"]
[PlyCount "37"]
[EventDate "2016.??.??"]
[WhiteTeam "SF Lilienthal"]
[BlackTeam "SC Eppingen"]

1. d4 d5 2. Nf3 Nf6 3. c4 dxc4 4. e3 e6 5. Bxc4 a6 6. O-O c5 7. Bb3 Nc6 8. Nc3
cxd4 9. exd4 Be7 10. Re1 O-O 11. Bg5 b5 12. Qd2 Na5 13. Bc2 Nc4 14. Qe2 Bb7 15.
a4 Nxb2 16. axb5 axb5 17. Nxb5 Bxf3 18. Qxf3 Qd5 19. Qxd5 1/2-1/2

[Event "Sparkassen-Open A"]
[Site "Heusenstamm, Martinsee"]
[Date "2016.11.27"]
[Round "7.6"]
[White "Milov, Leonid"]
[Black "Telljohann, Sven"]
[Result "1-0"]
[WhiteElo "2406"]
[BlackElo "2408"]
[PlyCount "73"]
[EventDate "2016.??.??"]
[WhiteTeam "SC Noris-Tarrasch Nürnberg"]
[BlackTeam "Frankfurter TV"]

1. e4 d5 2. exd5 Qxd5 3. Nc3 Qd6 4. d4 c6 5. Nf3 Bg4 6. Be3 Nf6 7. h3 Bxf3 8.
Qxf3 e6 9. O-O-O Qc7 10. g4 h6 11. h4 Nbd7 12. Bc4 Nb6 13. Bb3 O-O-O 14. Kb1
Bd6 15. g5 hxg5 16. hxg5 Nfd5 17. Ne4 Rxh1 18. Rxh1 Bf8 19. Bc1 a5 20. a3 a4
21. Ba2 Qd7 22. Rh4 f5 23. gxf6 gxf6 24. Nc5 Qf7 25. Qh3 Bxc5 26. dxc5 Nd7 27.
Bxd5 cxd5 28. Rxa4 Nxc5 29. Qc3 Qc7 30. Ra8+ Kd7 31. Rxd8+ Kxd8 32. Qxf6+ Kd7
33. Be3 Ne4 34. Qf7+ Kc6 35. Qxe6+ Qd6 36. Qxd6+ Kxd6 37. f3 1-0

[Event "Sparkassen-Open A"]
[Site "Heusenstamm, Martinsee"]
[Date "2016.11.27"]
[Round "7.7"]
[White "Michalik, Peter"]
[Black "Donchenko, Anatoly"]
[Result "1-0"]
[WhiteElo "2550"]
[BlackElo "2317"]
[PlyCount "67"]
[EventDate "2016.??.??"]
[WhiteTeam "SK Schwäbisch Hall"]
[BlackTeam "SK Gießen"]

1. e4 c5 2. Nf3 d6 3. d4 cxd4 4. Nxd4 Nf6 5. Nc3 a6 6. Bg5 Nbd7 7. Qe2 h6 8.
Bh4 e5 9. Nf5 g6 10. Ne3 Be7 11. O-O-O b5 12. f3 Bb7 13. Kb1 Kf8 14. Be1 Nb6
15. g4 Rc8 16. a3 h5 17. g5 Nfd7 18. h4 Kg7 19. Bh3 Rb8 20. Rf1 Nc5 21. Bg3 Qc7
22. f4 exf4 23. Rxf4 Rbe8 24. Rdf1 Rhf8 25. Nf5+ Kh7 26. Nh6 f6 27. gxf6 Kxh6
28. fxe7 Qxe7 29. Qf2 Ncd7 30. Rf7 Rxf7 31. Qxf7 Qxf7 32. Rxf7 Bc8 33. Bf4+ g5
34. Bf5 1-0

[Event "Sparkassen-Open A"]
[Site "Heusenstamm, Martinsee"]
[Date "2016.11.27"]
[Round "7.8"]
[White "Osmanodja, Filiz"]
[Black "Wieczorek, Oskar"]
[Result "1/2-1/2"]
[WhiteElo "2308"]
[BlackElo "2465"]
[PlyCount "87"]
[EventDate "2016.??.??"]
[WhiteTeam "USV TU Dresden"]
[BlackTeam "SC Heusenstamm"]

1. e4 c5 2. Nc3 e6 3. Nf3 Nc6 4. d4 cxd4 5. Nxd4 Qc7 6. Be2 a6 7. O-O Nf6 8.
Be3 Bb4 9. Na4 O-O 10. Nxc6 bxc6 11. f4 Be7 12. Bd3 c5 13. c4 Bb7 14. Nc3 d6
15. Qf3 Nd7 16. Qh3 Rfe8 17. Rad1 Rab8 18. Rd2 Nf8 19. g4 Rbd8 20. g5 d5 21.
exd5 exd5 22. cxd5 c4 23. Be4 Bb4 24. Qf3 Ng6 25. Bd4 Nh4 26. Qh1 Qe7 27. Bf2
Bxc3 28. bxc3 Qxe4 29. Qxe4 Rxe4 30. Bxh4 Rxd5 31. Rxd5 Bxd5 32. Rd1 Bc6 33.
Rd8+ Re8 34. Rxe8+ Bxe8 35. Kf2 h6 36. Ke3 hxg5 37. fxg5 Kh7 38. Kd4 Bb5 39.
Bf2 Kg6 40. h4 f6 41. gxf6 Kxf6 42. a4 Bxa4 43. Kxc4 g5 44. hxg5+ 1/2-1/2

[Event "Sparkassen-Open A"]
[Site "Heusenstamm, Martinsee"]
[Date "2016.11.27"]
[Round "7.9"]
[White "Pfreundt, Jakob"]
[Black "Dubiel, Jacek"]
[Result "1/2-1/2"]
[WhiteElo "2293"]
[BlackElo "2422"]
[PlyCount "53"]
[EventDate "2016.??.??"]
[WhiteTeam "Königsspr. SC"]
[BlackTeam "SV Oberursel"]

1. e4 c5 2. Nf3 e6 3. g3 Nc6 4. Bg2 Nf6 5. Qe2 d5 6. exd5 Nxd5 7. c3 Be7 8. O-O
O-O 9. Rd1 Bf6 10. d4 cxd4 11. cxd4 b6 12. Nc3 Nxc3 13. bxc3 Bb7 14. Ba3 Re8
15. Rac1 Qc7 16. Ne5 Red8 17. Ng4 Be7 18. Bb2 Na5 19. Bxb7 Qxb7 20. c4 Rac8 21.
h4 Qa6 22. Ne3 Bf6 23. Rc2 Nc6 24. Rcd2 Na5 25. Rc2 Nc6 26. Rcd2 Na5 27. Rc2
1/2-1/2

[Event "Sparkassen-Open A"]
[Site "Heusenstamm, Martinsee"]
[Date "2016.11.27"]
[Round "7.10"]
[White "Weichhold, Pawel"]
[Black "Schmitzer, Klaus"]
[Result "1-0"]
[WhiteElo "2407"]
[BlackElo "2285"]
[PlyCount "77"]
[EventDate "2016.??.??"]
[WhiteTeam "SC Heusenstamm"]
[BlackTeam "Bad Vilbeler Sfr"]

1. e4 c6 2. Nc3 d5 3. Nf3 dxe4 4. Nxe4 Nf6 5. Nxf6+ gxf6 6. d4 Bg4 7. Be2 Nd7
8. Be3 Nb6 9. h3 Bh5 10. g4 Bg6 11. c4 e6 12. Nh4 Bb4+ 13. Kf1 Be7 14. Kg2 Qc7
15. a4 f5 16. Nxg6 hxg6 17. a5 Nd7 18. a6 b6 19. Bf3 e5 20. dxe5 O-O-O 21. Qc2
Nxe5 22. gxf5 Nxf3 23. Kxf3 g5 24. f6 Bc5 25. Qf5+ Kb8 26. Bxg5 Rd4 27. Rad1
Qd8 28. Qe5+ Kc8 29. Rxd4 Bxd4 30. Qf5+ Qd7 31. Qxd7+ Kxd7 32. b4 Ke6 33. Kg4
Bxf2 34. Rh2 Bd4 35. Re2+ Kd6 36. Re7 Rg8 37. Kf5 Rxg5+ 38. Kxg5 c5 39. bxc5+
1-0